Nízkonákladový systém monitorovania príchodov/odchodov s využitím mikropočítača cez Ethernet

Gespeichert in:
Bibliographische Detailangaben
1. Verfasser: Nemec, Martin (Verfasst von)
Weitere Verfasser: Honek, Marek (Betreuung Doktorarbeit)
Format: Manuskript Buch
Sprache:Slowakisch
Veröffentlicht: 2015
Schlagworte:
Online-Zugang:http://is.stuba.sk/zp/portal_zp.pl?podrobnosti=119175
Tags: Tag hinzufügen
Keine Tags, Fügen Sie das erste Tag hinzu!

MARC

LEADER 00000ntm a22000003a 4500
001 stuzp53047
003 SK-STU
005 20160719154348.7
007 ta
008 150427s2015----xo-----f-mn---000-0-slo-d
040 |a STU  |b slo 
041 0 |a slo 
100 1 |a Nemec, Martin  |u 020020  |4 aut  |U SjF Strojnícka fakulta  |T SjF Ústav automatizácie, merania a aplikovanej informatiky  |X 62383  |U J0020  |Y 802  |7 62383 
242 0 1 |a Low-cost access control monitoring system utilizing a microcomputer via Ethernet  |y eng 
245 1 0 |a Nízkonákladový systém monitorovania príchodov/odchodov s využitím mikropočítača cez Ethernet 
260 |c 2015 
650 4 |a Monitorovací systém  |2 slo 
650 4 |a RFID  |2 slo 
650 4 |a Arduino Yún  |2 slo 
650 4 |a Ethernet  |2 slo 
650 4 |a Monitoring system  |2 eng 
650 4 |a RFID  |2 eng 
650 4 |a Arduino Yun  |2 eng 
650 4 |a Ethernet  |2 eng 
700 1 |a Honek, Marek  |4 ths  |X 28245  |7 A000028245 
856 4 |u http://is.stuba.sk/zp/portal_zp.pl?podrobnosti=119175 
996 |b 284J043772  |c J* 2062/BO  |l JJSK  |s A  |a 24  |w stuzp53047_0001 
SQL |a stuzp53047  |b DBP  |c SLO  |d Nízkonákladový systém monitorovania príchodov/odchodov s využitím mikropočítača cez Ethernet  |e 62383  |f Nemec, Martin  |g 020020  |h 28245  |i Honek, Marek  |j 20150615  |k 646  |l 02  |m http://is.stuba.sk/zp/portal_zp.pl?podrobnosti=119175  |n B-AISP  |o 5.2.14. automatizácia